Ram Ranch - Statistics

General Stats
  • This quiz has been taken 28 times
  • The average score is 25 of 49
Answer Stats
Frequency Answer % Correct
16 18
100%
10 cowboy
100%
30 ram
100%
16 showers
100%
32 cocks
92%
24 in
92%
12 naked
92%
26 ranch
92%
16 the
92%
10 fucked
83%
20 to
83%
30 hard
75%
6 suck
75%
22 wanting
75%
4 a
67%
22 big
67%
22 throbbing
67%
4 yard
67%
12 be
58%
4 real
58%
6 really
58%
10 rocks
58%
16 at
50%
4 butt
50%
4 love
50%
4 of
50%
10 sucked
50%
34 Cowboys
42%
4 it
42%
4 out
42%
6 knees
33%
4 more
33%
4 sleep
33%
4 bulging
25%
4 orgy
25%
4 rut
25%
4 so
25%
14 their
25%
4 buff
17%
4 deep
17%
4 ever
17%
6 on
17%
4 wild
17%
4 breed
8%
4 hot
8%
4 like
8%
4 ramming
8%
4 even
0%
8 getting
0%
No matching quizzes found
Score Distribution
Percent of People with Each Score
Percentile by Number Answered
Your Score History
You have not taken this quiz